000
00312nam a22001337a 4500
008
170713b xxu||||| |||| 00| 0 eng d
020
_a
9781852961503
041
_a
eng
080
_a
038
100
_a
23
101
_a
FJA
245
_a
CHAMBERS SCIENCE AND TECHNOLOGY DICTIONARY
_c
WALKER,M.B
942
_2
udc
_c
BK
999
_c
20436
_d
20436